Húsvét előtt
Elmentve itt :
| Szerző: | |
|---|---|
| Dokumentumtípus: | Cikk |
| Megjelent: |
1988-03-31
|
| Sorozat: | Délmagyarország
78 No. 77 |
| Kulcsszavak: | Tápé, Ünnep húsvét Tápé |
| Online Access: | http://dmarchiv.bibl.u-szeged.hu/87456 |
| LEADER | 00451nab a2200157 i 4500 | ||
|---|---|---|---|
| 001 | delm87456 | ||
| 005 | 20190926131216.0 | ||
| 008 | 190926s1988 hu o 0|| hun d | ||
| 040 | |a SZTE Délmagyarország Archívum |b hun | ||
| 041 | |a hun | ||
| 100 | 1 | |a Lele József | |
| 245 | 1 | 0 | |a Húsvét előtt |h [elektronikus dokumentum] / |c ifj. Lele József |
| 260 | |c 1988-03-31 | ||
| 300 | |a 4 | ||
| 490 | 0 | |a Délmagyarország |v 78 No. 77 | |
| 695 | |a Tápé, Ünnep húsvét Tápé | ||